[Event "zonal 1.2a (w)"]
[Site "Ptuj SLO"]
[Date "1995.04.11"]
[Round "6"]
[White "Borek, Jutta"]
[Black "Grosar, Kiti"]
[Result "1/2-1/2"]
[WhiteElo "2110"]
[BlackElo "2215"]
[EventDate "1995.04.05"]
[PlyCount "100"]

1.c4 g6 2.g3 Bg7 3.Bg2 Nf6 4.Nc3 O-O 5.e4 d6 6.Nge2 c5 7.d3 e5 8.O-O Nc6 
9.Rb1 Be6 10.Nd5 Ne7 11.Nxf6+ Bxf6 12.f4 Bg4 13.Bf3 Bh3 14.Bg2 Qd7 15.b4 
b6 16.b5 h5 17.fxe5 Bxe5 18.Bxh3 Qxh3 19.Nf4 Qd7 20.Bb2 f6 21.a4 Kg7 22.
Kg2 Rf7 23.Qe2 h4 24.g4 Bxf4 25.Rxf4 g5 26.Rf2 Ng6 27.h3 a6 28.Qe3 Ne5 29.
Rbf1 Kg6 30.Bc1 Qe6 31.Rf5 Kg7 32.Bb2 axb5 33.axb5 Ra4 34.R1f2 Rb4 35.Rd2 
Rb3 36.Bxe5 dxe5 37.Rf3 Rd7 38.Qe2 Qd6 39.Qf1 Qe7 40.Rdf2 Rd6 41.Ra2 Qd7 
42.Rd2 Rc3 43.Rdf2 Qd8 44.Kh2 Rdxd3 45.Rxf6 Rxh3+ 46.Qxh3 Rxh3+ 47.Kxh3 
Qd3+ 48.R2f3 Qxc4 49.Rxb6 Qxe4 50.Rbf6 Qb1 1/2-1/2

[Event "zonal 1.2a (w)"]
[Site "Ptuj SLO"]
[Date "1995.04.11"]
[Round "6"]
[White "Lematschko, Tatjana"]
[Black "Krmelj, Natasa"]
[Result "1-0"]
[WhiteElo "2315"]
[BlackElo "2045"]
[EventDate "1995.04.05"]
[PlyCount "57"]

1.e4 c5 2.Nc3 Nc6 3.g3 g6 4.Bg2 Bg7 5.d3 e5 6.Nd5 d6 7.Ne2 Be6 8.O-O Nge7 
9.c3 O-O 10.f4 f5 11.Be3 Rc8 12.Qd2 Qd7 13.fxe5 Nxe5 14.Bg5 N7c6 15.Nef4 
Rce8 16.Nxe6 Rxe6 17.exf5 gxf5 18.Nf4 Ree8 19.Bd5+ Kh8 20.Nh5 Ng4 21.h3 
Nf6 22.Nxg7 Qxg7 23.Bxc6 bxc6 24.Rxf5 Nh5 25.Rxf8+ Rxf8 26.g4 Rf3 27.Re1 
Qf7 28.Qe2 Ng7 29.Kg2 1-0

[Event "zonal 1.2a (w)"]
[Site "Ptuj SLO"]
[Date "1995.04.11"]
[Round "6"]
[White "Licina, Anita"]
[Black "Trabert, Bettina"]
[Result "1/2-1/2"]
[WhiteElo "2225"]
[BlackElo "2210"]
[EventDate "1995.04.05"]
[PlyCount "108"]

1.e4 e5 2.Nf3 Nc6 3.Nc3 Nf6 4.d4 exd4 5.Nxd4 Bb4 6.Nxc6 bxc6 7.Bd3 d5 8.
exd5 cxd5 9.O-O O-O 10.Bg5 c6 11.Na4 Bd6 12.c4 h6 13.Bh4 Rb8 14.Rc1 Be6 
15.b3 Re8 16.cxd5 cxd5 17.Nc5 Rb4 18.Bg3 Bxc5 19.Rxc5 Ne4 20.Rc1 Qg5 21.
Rc7 a5 22.Ra7 Nxg3 23.hxg3 d4 24.Qf3 Qc5 25.Ra8 Rbb8 26.Rxb8 Rxb8 27.Qe4 
g6 28.Qf4 Qf8 29.Qxd4 Rb4 30.Qe3 Kh7 31.Rd1 a4 32.Bc2 axb3 33.axb3 Qb8 34.
Rb1 Qb7 35.Qc3 Bd5 36.f3 Qb6+ 37.Kh2 Qb8 38.Kh1 Rb7 39.Kh2 Rb4 40.Kh1 Rb7 
41.b4 Qxg3 42.b5 Rc7 43.Qd3 Bxf3 44.Qxf3 Qxf3 45.Bxg6+ fxg6 46.gxf3 Rb7 
47.Kg2 Kg7 48.Kf2 Kf6 49.Ke3 Ke5 50.b6 Kd5 51.Rh1 h5 52.Rb1 Kc5 53.Kf4 
Rxb6 54.Rxb6 Kxb6 1/2-1/2

[Event "zonal 1.2a (w)"]
[Site "Ptuj SLO"]
[Date "1995.04.11"]
[Round "6"]
[White "Koglin, Anke"]
[Black "Goschl, Ortrun"]
[Result "1-0"]
[WhiteElo "2225"]
[BlackElo "2000"]
[EventDate "1995.04.05"]
[PlyCount "53"]

1.Nc3 d5 2.e4 d4 3.Nce2 c5 4.Ng3 Nc6 5.Bc4 g6 6.f4 Bg7 7.Nf3 e6 8.O-O Nge7
9.d3 O-O 10.a4 a6 11.Qe2 Rb8 12.Kh1 Na5 13.Ba2 b5 14.Ng5 b4 15.Bd2 Nec6 
16.f5 exf5 17.exf5 b3 18.fxg6 hxg6 19.Bxb3 Nxb3 20.cxb3 Re8 21.Qf2 f5 22.
Qf4 Be5 23.Qf3 Bb7 24.Nxf5 gxf5 25.Qxf5 Qc7 26.Rf3 Nd8 27.Qg6+ 1-0

[Event "zonal 1.2a (w)"]
[Site "Ptuj SLO"]
[Date "1995.04.11"]
[Round "6"]
[White "Ramseier, Jana"]
[Black "Kachiani-Gersinska, Ketino"]
[Result "0-1"]
[WhiteElo "2125"]
[BlackElo "2380"]
[EventDate "1995.04.05"]
[PlyCount "80"]

1.d4 Nf6 2.c4 e6 3.Nc3 c5 4.d5 exd5 5.cxd5 Bd6 6.Nf3 Bc7 7.g3 d6 8.Bg2 O-O
9.O-O a6 10.a4 Re8 11.Qc2 Nbd7 12.h3 Nf8 13.Bg5 h6 14.Be3 Rb8 15.Nh4 Ba5 
16.Rfd1 Rxe3 17.fxe3 Nh5 18.Nf3 Nxg3 19.Kf2 Nf5 20.Rg1 Ng6 21.Qe4 Bd7 22.
Bf1 Qf6 23.Nd1 Re8 24.Qc4 Bb4 25.Qc2 c4 26.Rg4 Ne5 27.Re4 Qg6 28.Bg2 Qg3+ 
29.Kg1 Ne7 30.Nxe5 Bxh3 31.Rg4 Bxg4 32.Nxg4 Qxg4 33.e4 Ng6 34.e3 Ne5 35.
Nf2 Qg3 36.Qe2 Bc5 37.Re1 b5 38.axb5 axb5 39.b3 cxb3 40.Qxb5 Ra8 0-1

[Event "zonal 1.2a (w)"]
[Site "Ptuj SLO"]
[Date "1995.04.12"]
[Round "7"]
[White "Goschl, Ortrun"]
[Black "Heinatz, Gundula"]
[Result "0-1"]
[WhiteElo "2000"]
[BlackElo "2220"]
[EventDate "1995.04.05"]
[PlyCount "72"]

1.e4 c5 2.Nf3 Nc6 3.Bb5 g6 4.O-O Bg7 5.c3 Nf6 6.Re1 O-O 7.d4 cxd4 8.cxd4 
d6 9.h3 a6 10.Ba4 b5 11.Bc2 e5 12.d5 Ne7 13.b4 Nh5 14.Nh2 Nf4 15.a4 bxa4 
16.Be3 f5 17.f3 fxe4 18.fxe4 g5 19.Bxa4 Neg6 20.Ra2 Rb8 21.Qb3 Rb7 22.Qc3 
Rc7 23.Bc6 Rcf7 24.Na3 g4 25.hxg4 Qg5 26.b5 axb5 27.Nxb5 Rf6 28.Nc7 Bxg4 
29.Nxg4 Qxg4 30.Ne6 Qg3 31.Qd2 Nh3+ 32.Kh1 Nf2+ 33.Kg1 Ng4 34.Bf2 Rxf2 35.
Qxf2 Rxf2 36.Ra8+ Bf8 0-1

[Event "zonal 1.2a (w)"]
[Site "Ptuj SLO"]
[Date "1995.04.12"]
[Round "7"]
[White "Grosar, Kiti"]
[Black "Licina, Anita"]
[Result "1-0"]
[WhiteElo "2215"]
[BlackElo "2225"]
[EventDate "1995.04.05"]
[PlyCount "121"]

1.e4 c5 2.Nf3 Nc6 3.Bb5 Nf6 4.Nc3 Nd4 5.Bc4 d6 6.h3 a6 7.a4 Rb8 8.d3 e6 9.
Nxd4 cxd4 10.Ne2 b5 11.axb5 axb5 12.Bb3 Qb6 13.O-O Be7 14.Ng3 O-O 15.f4 
Nd7 16.f5 Ne5 17.Bf4 exf5 18.exf5 Bb7 19.Nh5 Kh8 20.Bg3 Bg5 21.Nf4 Ra8 22.
Rxa8 Rxa8 23.Qh5 f6 24.Re1 Qc6 25.Bd5 Qd7 26.Be6 Qe8 27.Qe2 Qc6 28.Kh2 
Bxf4 29.Bxf4 g5 30.fxg6 hxg6 31.Qf2 Kg7 32.Rf1 Rf8 33.Qg3 Qe8 34.Bb3 Qd7 
35.Bd2 Rh8 36.Kg1 Qe7 37.Qf4 Nc6 38.Re1 Ne5 39.Qxd4 Rxh3 40.Qf2 Qd7 41.
Rxe5 dxe5 42.gxh3 Qxh3 43.Qh2 Qg4+ 44.Kf2 Qf3+ 45.Ke1 g5 46.Be6 Bc6 47.Qh3
Qxh3 48.Bxh3 Kg6 49.c4 f5 50.Kf2 f4 51.Bg2 Be8 52.c5 g4 53.Bb7 g3+ 54.Kg2 
Bf7 55.Be4+ Kg5 56.c6 Be6 57.Ba5 Bc8 58.Bd8+ Kg4 59.b4 Be6 60.c7 Bc8 61.
Bf6 1-0

[Event "zonal 1.2a (w)"]
[Site "Ptuj SLO"]
[Date "1995.04.12"]
[Round "7"]
[White "Krmelj, Natasa"]
[Black "Ramseier, Jana"]
[Result "1/2-1/2"]
[WhiteElo "2045"]
[BlackElo "2125"]
[EventDate "1995.04.05"]
[PlyCount "70"]

1.d4 Nf6 2.c4 g6 3.Nc3 Bg7 4.e4 d6 5.Be2 O-O 6.Bg5 h6 7.Be3 e5 8.d5 Nbd7 
9.h4 Nc5 10.Qc2 a5 11.h5 g5 12.f3 Ne8 13.g4 Bd7 14.Nh3 Bf6 15.Nf2 Na6 16.
Nd3 Nb4 17.Qd2 c5 18.dxc6 bxc6 19.Kf2 Nc7 20.Rhd1 Be6 21.b3 Be7 22.Bb6 Qb8
23.Na4 Ra6 24.Bxc7 Qxc7 25.Nxb4 axb4 26.Qxb4 Qa7+ 27.Kg3 d5 28.c5 Ra5 29.
Rdc1 Rb8 30.Qc3 d4 31.Qc2 Rb4 32.Rab1 Rb8 33.Bd3 Kg7 34.Be2 Kg8 35.Bd3 Kg7
1/2-1/2

[Event "zonal 1.2a (w)"]
[Site "Ptuj SLO"]
[Date "1995.04.12"]
[Round "7"]
[White "Olbrich, Marina"]
[Black "Borek, Jutta"]
[Result "1/2-1/2"]
[WhiteElo "2280"]
[BlackElo "2110"]
[EventDate "1995.04.05"]
[PlyCount "114"]

1.d4 Nf6 2.Nf3 e6 3.Bg5 d5 4.e3 Be7 5.Nbd2 O-O 6.Bd3 Nbd7 7.O-O c5 8.c3 b6
9.Ne5 Nxe5 10.dxe5 Nd7 11.Bxe7 Qxe7 12.f4 f5 13.exf6 gxf6 14.e4 Kh8 15.
exd5 exd5 16.Re1 Qg7 17.Re3 f5 18.Qe2 Bb7 19.Re1 d4 20.Rg3 Qf7 21.Nc4 Qd5 
22.Qe7 Rf7 23.Qe6 Rg8 24.Qxd5 Bxd5 25.Nd6 Rf6 26.Rxg8+ Bxg8 27.Ne8 Re6 28.
Rxe6 Bxe6 29.c4 b5 30.b3 bxc4 31.bxc4 Nb6 32.Nd6 Kg7 33.Nxf5+ Bxf5 34.Bxf5
Nxc4 35.Kf2 Ne3 36.Be4 c4 37.h3 h6 38.g4 Kf6 39.Ke2 a5 40.a4 c3 41.Kd3 Ke6
42.Kxd4 c2 43.Bxc2 Nxc2+ 44.Kc5 Na3 45.h4 Nc2 46.h5 Ne3 47.g5 Nf5 48.Kc6 
hxg5 49.fxg5 Ne7+ 50.Kc5 Ke5 51.Kb5 Kd5 52.Kxa5 Kc5 53.Ka6 Kc6 54.a5 Nf5 
55.Ka7 Kc7 56.h6 Ne7 57.Ka6 Kc6 1/2-1/2

[Event "zonal 1.2a (w)"]
[Site "Ptuj SLO"]
[Date "1995.04.12"]
[Round "7"]
[White "Trabert, Bettina"]
[Black "Lematschko, Tatjana"]
[Result "1-0"]
[WhiteElo "2210"]
[BlackElo "2315"]
[EventDate "1995.04.05"]
[PlyCount "77"]

1.e4 e5 2.Nf3 Nc6 3.d4 exd4 4.Nxd4 Bc5 5.Be3 Qf6 6.c3 Nge7 7.Bc4 Ne5 8.Be2
h5 9.Nc2 Bxe3 10.Nxe3 d6 11.Na3 a6 12.Nac4 Nxc4 13.Bxc4 Be6 14.Qe2 Bxc4 
15.Nxc4 O-O-O 16.Qe3 Nc6 17.O-O-O Qe6 18.b3 Rde8 19.Rhe1 Kb8 20.Qd2 Rh6 
21.f3 h4 22.h3 Rh5 23.Kb2 Rc5 24.Ne3 g6 25.Nd5 Ne5 26.Qf4 Rh8 27.Qf6 Qe8 
28.Ne3 Nd7 29.Qd4 Re5 30.Nc4 Re6 31.Ne3 Rf8 32.Qd2 Nc5 33.Kc2 Qd8 34.Nd5 
Rfe8 35.c4 Re5 36.Qb4 Rg5 37.Qd2 Ne6 38.Qf2 Rg3 39.Rd2 1-0

[Event "zonal 1.2a (w)"]
[Site "Ptuj SLO"]
[Date "1995.04.13"]
[Round "8"]
[White "Borek, Jutta"]
[Black "Goschl, Ortrun"]
[Result "1-0"]
[WhiteElo "2110"]
[BlackElo "2000"]
[EventDate "1995.04.05"]
[PlyCount "123"]

1.c4 Nf6 2.g3 e5 3.Bg2 c6 4.d4 d6 5.Nc3 Be7 6.e3 O-O 7.Nge2 Re8 8.O-O Na6 
9.b3 Bf8 10.e4 Bg4 11.f3 Bd7 12.Be3 Nc7 13.a4 b6 14.Qd2 c5 15.dxe5 dxe5 
16.Rad1 Bc6 17.Qc2 Qc8 18.Nd5 Ne6 19.Nxf6+ gxf6 20.Bh3 Qb7 21.Bf5 Ng7 22.
g4 Nxf5 23.gxf5 Red8 24.Ng3 Bg7 25.Nh5 Kf8 26.Kf2 Bh8 27.Rd3 Ke7 28.Rfd1 
Rxd3 29.Qxd3 Qc7 30.Ke2 Rg8 31.Kf2 Rb8 32.f4 Rg8 33.Kf3 Bg7 34.Bf2 Bh8 35.
Bg3 Ra8 36.Bh4 exf4 37.Nxf4 Bg7 38.Bg3 Qd8 39.Qxd8+ Rxd8 40.Rxd8 Kxd8 41.
Nh5 Bf8 42.Nxf6 h6 43.Ng4 a6 44.h4 b5 45.axb5 axb5 46.Ne5 Be8 47.cxb5 Bxb5
48.Nxf7+ Ke7 49.Ne5 Bg7 50.Nc4 Bd4 51.Bf4 h5 52.Be3 Kf6 53.Bxd4+ cxd4 54.
Kf4 Bc6 55.e5+ Ke7 56.Nd6 Bg2 57.b4 d3 58.Ke3 Bf1 59.b5 Kd7 60.b6 Kc6 61.
b7 Kc7 62.f6 1-0

[Event "zonal 1.2a (w)"]
[Site "Ptuj SLO"]
[Date "1995.04.13"]
[Round "8"]
[White "Grosar, Kiti"]
[Black "Olbrich, Marina"]
[Result "1-0"]
[WhiteElo "2215"]
[BlackElo "2280"]
[EventDate "1995.04.05"]
[PlyCount "75"]

1.e4 c6 2.d4 g6 3.f4 d5 4.e5 Bg7 5.Bd3 Nh6 6.Nf3 Bg4 7.O-O O-O 8.Qe1 Qb6 
9.c3 f6 10.exf6 exf6 11.Nh4 Nd7 12.h3 Rae8 13.Qf2 Be6 14.f5 Nxf5 15.Nxf5 
Bxf5 16.Bxf5 gxf5 17.Qxf5 Ne5 18.b3 Ng6 19.Nd2 Re2 20.Nf3 Qc7 21.Rf2 Re4 
22.Bd2 Rfe8 23.Nh2 Nh4 24.Qh5 R8e6 25.Raf1 Qg3 26.Ng4 f5 27.Bg5 Ng6 28.Rf3
Qc7 29.Rxf5 Re2 30.Nh6+ Kh8 31.Nf7+ Kg8 32.Nh6+ Kh8 33.Bf4 Nxf4 34.Nf7+ 
Qxf7 35.Qxf7 Rxg2+ 36.Kh1 Ree2 37.R1xf4 Rh2+ 38.Kg1 1-0

[Event "zonal 1.2a (w)"]
[Site "Ptuj SLO"]
[Date "1995.04.13"]
[Round "8"]
[White "Heinatz, Gundula"]
[Black "Kachiani-Gersinska, Ketino"]
[Result "0-1"]
[WhiteElo "2220"]
[BlackElo "2380"]
[EventDate "1995.04.05"]
[PlyCount "46"]

1.c4 Nf6 2.g3 g6 3.Bg2 Bg7 4.Nf3 O-O 5.Nc3 Nc6 6.d4 a6 7.d5 Na5 8.c5 b6 9.
cxb6 cxb6 10.d6 e6 11.e4 Bb7 12.Qd3 b5 13.h4 b4 14.Bg5 bxc3 15.e5 cxb2 16.
Rb1 Be4 17.Qd4 Nc6 18.Qc3 Nxe5 19.Nxe5 Bxg2 20.Rh2 Ne4 21.Qa3 Nxg5 22.Rxg2
Bxe5 23.hxg5 Qxg5 0-1

[Event "zonal 1.2a (w)"]
[Site "Ptuj SLO"]
[Date "1995.04.13"]
[Round "8"]
[White "Licina, Anita"]
[Black "Lematschko, Tatjana"]
[Result "1-0"]
[WhiteElo "2225"]
[BlackElo "2315"]
[EventDate "1995.04.05"]
[PlyCount "103"]

1.e4 c5 2.Nf3 a6 3.d4 cxd4 4.Nxd4 e5 5.Nf3 d6 6.c4 Nc6 7.h3 g6 8.Nc3 Be6 
9.Be2 Bg7 10.Be3 Nge7 11.O-O O-O 12.Qd2 Nc8 13.Rfd1 b6 14.Rac1 Qd7 15.Nd5 
Qb7 16.b4 f6 17.Rb1 Rd8 18.a4 N6e7 19.c5 bxc5 20.bxc5 Qd7 21.Nxe7+ Qxe7 
22.c6 Qf7 23.Rb7 Ne7 24.a5 Bf8 25.c7 Rdc8 26.Rc1 d5 27.Rb6 Kh8 28.Bxa6 
dxe4 29.Bxc8 Rxc8 30.Ne1 Nd5 31.Rb8 Kg8 32.a6 Rxc7 33.Rxc7 Nxc7 34.Bc5 Ne8
35.Bxf8 Kxf8 36.Qd6+ Kg8 37.Qb6 Bd5 38.a7 Kg7 39.a8=Q Bxa8 40.Rxa8 Kh6 41.
Qc6 Ng7 42.Ra6 f5 43.Qc1+ f4 44.Ra5 Qe6 45.Qc3 e3 46.fxe3 Qb6 47.Qxe5 Nh5 
48.Rc5 fxe3 49.Qxe3+ Kg7 50.Nf3 Nf6 51.Qe5 Kg8 52.Kh2 1-0

[Event "zonal 1.2a (w)"]
[Site "Ptuj SLO"]
[Date "1995.04.13"]
[Round "8"]
[White "Koglin, Anke"]
[Black "Krmelj, Natasa"]
[Result "1/2-1/2"]
[WhiteElo "2225"]
[BlackElo "2045"]
[EventDate "1995.04.05"]
[PlyCount "82"]

1.e4 c5 2.Nf3 e6 3.d4 cxd4 4.Nxd4 a6 5.Bd3 Nc6 6.Nxc6 dxc6 7.O-O e5 8.Nd2 
Nf6 9.Nc4 Qc7 10.Be3 Nd7 11.f4 b5 12.Nxe5 Nxe5 13.fxe5 Qxe5 14.Kh1 Bc5 15.
Bf4 Qe7 16.Qh5 Be6 17.Rad1 O-O-O 18.a4 Kb7 19.axb5 axb5 20.Ra1 h6 21.Qe2 
Ra8 22.c3 Rxa1 23.Rxa1 Ra8 24.Rxa8 Kxa8 25.b4 Bb6 26.Be3 Kb7 27.Bxb6 Kxb6 
28.Qe3+ Kb7 29.Kg1 Qf6 30.e5 Qd8 31.g3 Bd5 32.Bf1 Qe7 33.Qf4 Qe6 34.Kf2 g5
35.Qf6 Qxf6+ 36.exf6 Kb6 37.Ke3 c5 38.Bd3 Kc6 39.Be2 Bg2 40.Bd3 Bd5 41.Be2
Bg2 1/2-1/2

[Event "zonal 1.2a (w)"]
[Site "Ptuj SLO"]
[Date "1995.04.13"]
[Round "8"]
[White "Ramseier, Jana"]
[Black "Trabert, Bettina"]
[Result "1/2-1/2"]
[WhiteElo "2125"]
[BlackElo "2210"]
[EventDate "1995.04.05"]
[PlyCount "27"]

1.d4 d5 2.c4 c6 3.Nc3 e6 4.e4 dxe4 5.Nxe4 Bb4+ 6.Bd2 Qxd4 7.Bxb4 Qxe4+ 8.
Ne2 Nd7 9.Qd6 Qe5 10.Qd2 Ngf6 11.Bd6 Ne4 12.Bxe5 Nxd2 13.Bxg7 Rg8 14.Kxd2 
1/2-1/2

[Event "zonal 1.2a (w)"]
[Site "Ptuj SLO"]
[Date "1995.04.15"]
[Round "9"]
[White "Goschl, Ortrun"]
[Black "Grosar, Kiti"]
[Result "0-1"]
[WhiteElo "2000"]
[BlackElo "2215"]
[EventDate "1995.04.05"]
[PlyCount "65"]

1.e4 c5 2.Nf3 d6 3.c3 Nf6 4.Be2 Nc6 5.d4 cxd4 6.cxd4 Nxe4 7.d5 Qa5+ 8.Nc3 
Nxc3 9.bxc3 Ne5 10.Nxe5 Qxc3+ 11.Bd2 Qxe5 12.Rb1 g6 13.Rxb7 Bg7 14.Qa4+ 
Kf8 15.Rc7 Qxd5 16.Bf3 Qe5+ 17.Be3 d5 18.Qc6 Bf6 19.O-O Kg7 20.Re1 Rb8 21.
Qc1 g5 22.Rxa7 Be6 23.Bd2 Qf5 24.a3 Rhc8 25.Qd1 Rb2 26.Bb4 Rcc2 27.Rf1 g4 
28.Bxe7 gxf3 29.Bxf6+ Qxf6 30.Qxf3 Qxf3 31.gxf3 d4 32.Ra4 d3 33.Kh1 0-1

[Event "zonal 1.2a (w)"]
[Site "Ptuj SLO"]
[Date "1995.04.15"]
[Round "9"]
[White "Kachiani-Gersinska, Ketino"]
[Black "Borek, Jutta"]
[Result "1-0"]
[WhiteElo "2380"]
[BlackElo "2110"]
[EventDate "1995.04.05"]
[PlyCount "79"]

1.d4 d5 2.c4 Bf5 3.cxd5 Bxb1 4.Qa4+ Qd7 5.Qxd7+ Nxd7 6.Rxb1 Ngf6 7.e3 Nxd5
8.Bd2 e6 9.b4 a6 10.Bd3 Bd6 11.Ne2 c6 12.O-O f5 13.Rfc1 O-O 14.a4 g6 15.f3
e5 16.Bc4 Kg7 17.dxe5 Bxe5 18.Bxd5 cxd5 19.Bc3 Bxc3 20.Rxc3 Rac8 21.Rbc1 
Rxc3 22.Rxc3 Rf7 23.Nf4 Nf6 24.Rc8 g5 25.Ne6+ Kh6 26.Kf2 f4 27.exf4 gxf4 
28.a5 Nh5 29.Rd8 Rf6 30.Nd4 b6 31.Rxd5 bxa5 32.bxa5 Ng7 33.Rd7 Kg6 34.Rb7 
Ne8 35.Ne2 Nd6 36.Rb4 Rf5 37.Rb6 Rf6 38.Nxf4+ Kf5 39.Nd5 Rh6 40.Ne3+ 1-0

[Event "zonal 1.2a (w)"]
[Site "Ptuj SLO"]
[Date "1995.04.15"]
[Round "9"]
[White "Krmelj, Natasa"]
[Black "Heinatz, Gundula"]
[Result "0-1"]
[WhiteElo "2045"]
[BlackElo "2220"]
[EventDate "1995.04.05"]
[PlyCount "120"]

1.d4 d5 2.c4 e6 3.Nc3 Nf6 4.Bg5 Be7 5.cxd5 exd5 6.e3 O-O 7.Bd3 h6 8.Bh4 b6
9.Nge2 Bb7 10.Bxf6 Bxf6 11.O-O Re8 12.Rc1 Be7 13.Bb1 Nd7 14.Ng3 Nf6 15.Qc2
g6 16.Qd1 Bd6 17.Nb5 Ne4 18.Nxd6 Qxd6 19.Qg4 Bc8 20.Nxe4 dxe4 21.Qh4 Kg7 
22.Qg3 Qxg3 23.hxg3 Re7 24.Rc3 Bb7 25.Rfc1 c6 26.Bc2 Rd8 27.Ba4 b5 28.Bb3 
Rd6 29.Rc5 a6 30.Kf1 f5 31.Ke2 Kf6 32.Kd2 g5 33.Rh1 Rh7 34.g4 fxg4 35.Bc2 
Re6 36.f3 gxf3 37.gxf3 Rh8 38.Bxe4 Rd6 39.Ke2 a5 40.Kf2 Kg7 41.Rhc1 Rc8 
42.a4 bxa4 43.Rxa5 Rc7 44.Rxa4 Bc8 45.Rac4 Rb7 46.b4 Bd7 47.Kg3 h5 48.Rb1 
h4+ 49.Kg2 Ra7 50.Rb2 Ra3 51.Re2 g4 52.fxg4 Bxg4 53.Re1 Re6 54.Bxc6 Ra2+ 
55.Kg1 Rg6 56.Kh1 Rxc6 57.Rxc6 Bf3+ 58.Kg1 h3 59.Rc7+ Kg6 60.Rc6+ Kg5 0-1

[Event "zonal 1.2a (w)"]
[Site "Ptuj SLO"]
[Date "1995.04.15"]
[Round "9"]
[White "Lematschko, Tatjana"]
[Black "Ramseier, Jana"]
[Result "1/2-1/2"]
[WhiteElo "2315"]
[BlackElo "2125"]
[EventDate "1995.04.05"]
[PlyCount "87"]

1.e4 c5 2.Nc3 e6 3.d3 g6 4.g3 Bg7 5.Bg2 Ne7 6.Nge2 Nbc6 7.Be3 d6 8.Qd2 Rb8
9.Bh6 O-O 10.h4 f6 11.Bxg7 Kxg7 12.Nf4 Nd4 13.O-O Bd7 14.Nd1 e5 15.Ne2 
Nxe2+ 16.Qxe2 Qc8 17.Ne3 Bh3 18.f4 Bxg2 19.Qxg2 Qd7 20.f5 Rbd8 21.c4 gxf5 
22.Nxf5+ Nxf5 23.Rxf5 Rf7 24.Raf1 Rdf8 25.Qd2 Qa4 26.b3 Qb4 27.Qb2 b5 28.
Qc1 a5 29.Rh5 a4 30.Qc2 axb3 31.axb3 Ra8 32.Qd1 Qc3 33.cxb5 Ra2 34.Qg4+ 
Kf8 35.Qc8+ Ke7 36.Qc7+ Ke8 37.Qc8+ Ke7 38.Rhf5 Qxd3 39.Qc7+ Kf8 40.Qd8+ 
Kg7 41.Rg5+ fxg5 42.Qxg5+ Kf8 43.Qd8+ Kg7 44.Qg5+ 1/2-1/2

[Event "zonal 1.2a (w)"]
[Site "Ptuj SLO"]
[Date "1995.04.15"]
[Round "9"]
[White "Olbrich, Marina"]
[Black "Licina, Anita"]
[Result "1-0"]
[WhiteElo "2280"]
[BlackElo "2225"]
[EventDate "1995.04.05"]
[PlyCount "83"]

1.d4 Nf6 2.Nf3 g6 3.c4 Bg7 4.Nc3 d5 5.e3 O-O 6.b4 dxc4 7.Bxc4 c6 8.Bb2 
Nbd7 9.Rc1 e6 10.O-O Qe7 11.Qb3 e5 12.b5 c5 13.dxe5 Nxe5 14.Nxe5 Qxe5 15.
Nd5 Qd6 16.Rfd1 Nxd5 17.Bxd5 Qe7 18.Ba3 Re8 19.Bxc5 Qf6 20.Bd4 Qe7 21.
Bxf7+ Qxf7 22.Qxf7+ Kxf7 23.Rc7+ Re7 24.Rxe7+ Kxe7 25.Bxg7 Be6 26.a4 Rc8 
27.f3 Bb3 28.Ra1 Rc4 29.a5 Rb4 30.Bd4 Rxb5 31.Bxa7 Rd5 32.Bd4 Kd7 33.Rb1 
Rb5 34.Bb6 h5 35.Rc1 Bd5 36.Rc7+ Ke6 37.h4 Rb2 38.e4 Bc6 39.Rg7 Rb1+ 40.
Kf2 Kf6 41.Bd4+ Ke6 42.Rxg6+ 1-0

[Event "zonal 1.2a (w)"]
[Site "Ptuj SLO"]
[Date "1995.04.15"]
[Round "9"]
[White "Trabert, Bettina"]
[Black "Koglin, Anke"]
[Result "1/2-1/2"]
[WhiteElo "2210"]
[BlackElo "2225"]
[EventDate "1995.04.05"]
[PlyCount "89"]

1.e4 c5 2.c3 d5 3.exd5 Qxd5 4.d4 Nf6 5.Nf3 Bg4 6.Be2 e6 7.h3 Bh5 8.O-O Nc6
9.Be3 cxd4 10.cxd4 Be7 11.Nc3 Qd6 12.Qb3 O-O 13.Rfd1 Rfd8 14.a3 Rab8 15.
Rd2 Nd5 16.Nxd5 exd5 17.g4 Bg6 18.Ne5 Nxe5 19.dxe5 Qxe5 20.f4 Qc7 21.Rxd5 
Rxd5 22.Qxd5 Rd8 23.Qc4 Qb8 24.Rc1 h5 25.Qc7 Bd6 26.Qxb8 Bxb8 27.f5 Bh7 
28.Bc4 b6 29.Bg5 Rd7 30.Bb5 Rc7 31.Rd1 Rc8 32.Ba6 Re8 33.Bc4 Kf8 34.Rd7 
Bg8 35.Bd2 a5 36.f6 Be5 37.fxg7+ Kxg7 38.b4 axb4 39.axb4 hxg4 40.hxg4 Rc8 
41.Bd3 Rc7 42.Rxc7 Bxc7 43.Kf2 f6 44.Bc3 Bd5 45.Ke3 1/2-1/2

[Event "zonal 1.2a (w)"]
[Site "Ptuj SLO"]
[Date "1995.04.16"]
[Round "10"]
[White "Borek, Jutta"]
[Black "Krmelj, Natasa"]
[Result "1/2-1/2"]
[WhiteElo "2110"]
[BlackElo "2045"]
[EventDate "1995.04.05"]
[PlyCount "41"]

1.c4 e5 2.g3 Nf6 3.Bg2 c6 4.d4 exd4 5.Qxd4 d5 6.Nf3 Be7 7.O-O O-O 8.Nc3 
dxc4 9.Qxc4 Be6 10.Qa4 Nbd7 11.Nd4 Nc5 12.Nxe6 Nxe6 13.Be3 Qc7 14.Rfd1 Bc5
15.Bxc5 Nxc5 16.Qc4 Ne6 17.b4 Rfd8 18.Ne4 Nxe4 19.Bxe4 Qe5 20.f4 Qf6 21.e3
1/2-1/2

[Event "zonal 1.2a (w)"]
[Site "Ptuj SLO"]
[Date "1995.04.16"]
[Round "10"]
[White "Grosar, Kiti"]
[Black "Kachiani-Gersinska, Ketino"]
[Result "1/2-1/2"]
[WhiteElo "2215"]
[BlackElo "2380"]
[EventDate "1995.04.05"]
[PlyCount "92"]

1.e4 e5 2.Nf3 Nc6 3.d4 exd4 4.Nxd4 Nf6 5.Nxc6 bxc6 6.e5 Qe7 7.Qe2 Nd5 8.c4
Nb6 9.Nd2 Bb7 10.b3 a5 11.a4 Qe6 12.Bb2 Bb4 13.O-O-O O-O-O 14.h4 Rhe8 15.
f4 d5 16.cxd5 cxd5 17.Nf3 Qg4 18.Qe3 c5 19.Ng5 d4 20.Qf2 Re7 21.Rh2 d3 22.
Rxd3 Rxd3 23.Bxd3 Rd7 24.Rh3 h6 25.e6 fxe6 26.Rg3 Qxh4 27.Nxe6 Kb8 28.Be5+
Ka7 29.Be2 Ba3+ 30.Kb1 Rd2 31.Nc7 Be4+ 32.Ka1 Bb4 33.Nb5+ Ka8 34.Rxg7 Bc3+
35.Bxc3 Qxf2 36.Ra7+ Kb8 37.Be5+ Kc8 38.Rc7+ Kd8 39.Bf6+ Ke8 40.Bh5+ Kf8 
41.Rf7+ Kg8 42.Rg7+ Kf8 43.Rf7+ Kg8 44.Rg7+ Kf8 45.Rf7+ Kg8 46.Rg7+ Kf8 
1/2-1/2

[Event "zonal 1.2a (w)"]
[Site "Ptuj SLO"]
[Date "1995.04.16"]
[Round "10"]
[White "Licina, Anita"]
[Black "Ramseier, Jana"]
[Result "0-1"]
[WhiteElo "2225"]
[BlackElo "2125"]
[EventDate "1995.04.05"]
[PlyCount "84"]

1.e4 c5 2.Nf3 e6 3.d4 cxd4 4.Nxd4 a6 5.Nd2 Qc7 6.Bd3 Nf6 7.O-O Nc6 8.Nxc6 
dxc6 9.Qe2 e5 10.h3 Be6 11.a4 Be7 12.c3 Nd7 13.a5 Nc5 14.Bc2 O-O 15.b3 
Rfd8 16.Nc4 Bxc4 17.Qxc4 Ne6 18.Be3 c5 19.Qe2 Bg5 20.Bxg5 Nxg5 21.Bd3 Ne6 
22.g3 Ng5 23.h4 Ne6 24.Bc4 Rd6 25.Bd5 Rad8 26.Rfb1 h6 27.Qh5 f6 28.Qe2 Kh8
29.Qc4 Re8 30.b4 Re7 31.b5 Nd8 32.bxa6 bxa6 33.Rb2 Kh7 34.Qa4 Red7 35.Rab1
h5 36.Rb6 Kh6 37.Qc4 Qc8 38.Kg2 g6 39.Rb8 Qc7 40.R1b6 Kg7 41.Qxa6 Qxb8 42.
Qb5 Qc7 0-1

[Event "zonal 1.2a (w)"]
[Site "Ptuj SLO"]
[Date "1995.04.16"]
[Round "10"]
[White "Koglin, Anke"]
[Black "Lematschko, Tatjana"]
[Result "0-1"]
[WhiteElo "2225"]
[BlackElo "2315"]
[EventDate "1995.04.05"]
[PlyCount "146"]

1.e4 c6 2.d4 d5 3.Nd2 dxe4 4.Nxe4 Bf5 5.Ng3 Bg6 6.Nf3 Nd7 7.h4 h6 8.h5 Bh7
9.Bd3 Bxd3 10.Qxd3 e6 11.Bf4 Ngf6 12.O-O-O Be7 13.Ne4 Nxe4 14.Qxe4 Qa5 15.
Kb1 Qb5 16.Rd3 Nf6 17.Qe5 Qxe5 18.Bxe5 O-O-O 19.Bxf6 gxf6 20.c4 Rhg8 21.g3
b5 22.cxb5 cxb5 23.Rc1+ Kb7 24.Rdc3 Bd6 25.a3 a6 26.Rc6 Bb8 27.R6c5 Rd7 
28.R5c3 Ba7 29.R1c2 Bb6 30.Nd2 Rxd4 31.Rf3 f5 32.Rfc3 f4 33.Rf3 Rg5 34.Nb3
Re4 35.Rd2 Rd5 36.Rxd5 exd5 37.g4 a5 38.Nc1 Bc7 39.Nd3 Kc6 40.Kc2 f6 41.
Kd2 Bd6 42.Rh3 Kd7 43.Ne1 b4 44.a4 b3 45.Kd1 Bb4 46.Nd3 Rd4 47.Ke2 Rc4 48.
Nxb4 Rxb4 49.Rc3 d4 50.Rd3 Ke6 51.Kd2 Ke5 52.Ke2 Ke4 53.Rf3 f5 54.gxf5 
Kxf5 55.Rd3 Kg4 56.Rf3 Kxh5 57.Kf1 Kg4 58.Kg2 h5 59.Rd3 h4 60.Rf3 Rxa4 61.
Rxb3 Rb4 62.Rd3 a4 63.f3+ Kf5 64.Rd2 Ke5 65.Kh3 Rb3 66.Kg4 h3 67.Re2+ Re3 
68.Rf2 d3 69.Rd2 Kd4 70.Kxf4 Re2 71.Rd1 Rg2 72.Ra1 d2 73.Rxa4+ Kd3 0-1

[Event "zonal 1.2a (w)"]
[Site "Ptuj SLO"]
[Date "1995.04.16"]
[Round "10"]
[White "Olbrich, Marina"]
[Black "Goschl, Ortrun"]
[Result "1/2-1/2"]
[WhiteElo "2280"]
[BlackElo "2000"]
[EventDate "1995.04.05"]
[PlyCount "61"]

1.d4 Nf6 2.Nf3 c5 3.c3 d5 4.Bf4 Nc6 5.dxc5 a5 6.Nd4 Ne4 7.Nxc6 bxc6 8.b4 
axb4 9.cxb4 g6 10.Be5 f6 11.Bb2 Ba6 12.f3 Ng5 13.e3 Bxf1 14.Kxf1 Bh6 15.
Kf2 O-O 16.h4 Nf7 17.h5 g5 18.a4 Ne5 19.Na3 Qd7 20.Qc2 Qe6 21.Rhd1 g4 22.
f4 g3+ 23.Kxg3 Qg4+ 24.Kf2 Qh4+ 25.Ke2 Ng4 26.Rf1 Qg3 27.Qd2 Qxg2+ 28.Kd3 
Qe4+ 29.Ke2 Qg2+ 30.Kd3 Qe4+ 31.Ke2 1/2-1/2

[Event "zonal 1.2a (w)"]
[Site "Ptuj SLO"]
[Date "1995.04.17"]
[Round "11"]
[White "Goschl, Ortrun"]
[Black "Licina, Anita"]
[Result "1/2-1/2"]
[WhiteElo "2000"]
[BlackElo "2225"]
[EventDate "1995.04.05"]
[PlyCount "47"]

1.e4 c5 2.Nf3 Nc6 3.d4 cxd4 4.Nxd4 Nf6 5.Nc3 d6 6.Bg5 e6 7.Qd2 Be7 8.O-O-O
O-O 9.Nb3 a6 10.f4 b5 11.Bxf6 gxf6 12.g4 Kh8 13.h4 Rg8 14.g5 b4 15.Ne2 Bf8
16.Kb1 a5 17.Nbd4 Bd7 18.Ng3 Nxd4 19.Qxd4 e5 20.fxe5 fxe5 21.Qf2 Be6 22.
Bh3 a4 23.Bf5 Qc8 24.Bxe6 1/2-1/2